| 000 | 00866nam a2200229 a 4500 | ||
|---|---|---|---|
| 001 | BRCA_6904 | ||
| 005 | 20190320205632.0 | ||
| 008 | 151111s1898----gw-#######---#000-0#eng-# | ||
| 041 | _aeng | ||
| 044 | _ager | ||
| 050 | 4 |
_aPE3640 _b.P6 1898 |
|
| 245 | 1 | 0 |
_aNew pocket dictionary english and german _bto which is added a pocket companion for travellers, containing a collections of conversations, a geographical vocabulary and a table of coins _cby Dr. F. E. Feller; enlarged and improved by Prof. Dr. O. Thiergen. |
| 260 |
_aLeipzig _bB. G. Teubner _c1898 |
||
| 300 |
_a523 p. _c11 cm. |
||
| 440 | 0 |
_aCollection Feller _v1 _917192 |
|
| 500 | _aDiccionario inventariado por Banco de México como libro | ||
| 500 | _aL169 | ||
| 650 | 1 | 4 |
_aInglés _vDiccionarios _xAlemán _917193 |
| 650 | 1 | 4 |
_aAlemán _vDiccionarios _xInglés _917194 |
| 902 | _aGFM | ||
| 942 |
_2lcc _cB |
||
| 999 |
_c6586 _d6586 |
||